| 000 | 00976nam a2200253Ia 4500 | ||
|---|---|---|---|
| 003 | GCL | ||
| 005 | 20240530102145.0 | ||
| 008 | 140319s9999 xx 000 0 ara d | ||
| 040 |
_aGCL / _cGCL |
||
| 082 | 0 | 4 |
_a940.1 _bا ت |
| 100 | 1 | _aاوزمنت , ستيفن | |
| 245 | 1 | 0 |
_aالتاريخ من شتى جوانبة : _bمجموعة مقالات / _cاعداد : اوزمنت , ستيفن ، تيرنر، فرانك ؛ ترجمة : احمد حمدى محمود |
| 260 |
_aالقاهرة : _bالهيئة المصرية العامة للكتاب ، _c199؟ |
||
| 300 |
_a2 ج ؛ _c24 سم |
||
| 650 | 0 | 4 | _aالتاريخ |
| 650 | 0 | 4 | _aالقرون الوسطى |
| 650 | 0 | 4 | _aالقرن السادس عشر |
| 650 | 0 | 4 | _aالقرن السابع عشر |
| 650 | 0 | 4 | _aالقرن الثامن عشر |
| 650 | 0 | 4 | _aعصر النهضة (1300 - 1494) |
| 700 | 1 |
_aتيرنر، فرانك _eمعد |
|
| 700 | 1 |
_aاحمد حمدى محمود _eمترجم |
|
| 942 |
_2ddc _cBK |
||
| 999 |
_c30213 _d30213 |
||